|
|
|
|
| LEADER |
00615cam a2200193 7i4500 |
| 001 |
0000008113 |
| 005 |
20170113090000.0 |
| 020 |
|
|
|a 9780072837346 (hbk.)
|
| 020 |
|
|
|a 0072837349 (hbk.)
|
| 090 |
0 |
0 |
|a QA303
|b .S94 2002
|
| 100 |
1 |
|
|a Smith, Robert T
|
| 245 |
1 |
0 |
|a Calculus :
|b multivariable
|c Robert T. Smith, Roland B. Minton.
|
| 250 |
|
|
|a 2nd ed.
|
| 260 |
|
|
|a Boston:
|b McGraw-Hill,
|c 2002.
|
| 300 |
|
|
|a xxviii, 427 p.:
|b col. ill.;
|c 25 cm.
|
| 504 |
|
|
|a Includes bibliographical references and index
|
| 650 |
0 |
0 |
|a Calculus
|
| 700 |
1 |
|
|a Minton, Roland B
|
| 999 |
|
|
|a 0000010537
|b BOK
|c OPEN SHELF
|e 2nd Floor, Bestari Jaya
|